A wellness way of life / (Record no. 19067)

000 -LEADER
fixed length control field 00470nam a2200181 a 4500
020 ## - INTERNATIONAL STANDARD BOOK NUMBER
ISBN 0697126595
040 ## - CATALOGING SOURCE
Transcribing agency DLC
082 00 - DEWEY DECIMAL CLASSIFICATION NUMBER
Classification number 613 WCB 1994 C160 Or.
100 1# - MAIN ENTRY--AUTHOR NAME
Personal name Robbins, Gwen.
245 12 - TITLE STATEMENT
Title A wellness way of life /
250 ## - EDITION STATEMENT
Edition statement 2nd ed.
260 ## - PUBLICATION, DISTRIBUTION, ETC. (IMPRINT)
Place of publication Madison, Wis. :
Name of publisher WCB Brown & Benchmark Publishers,
Year of publication c1994.
300 ## - PHYSICAL DESCRIPTION
Number of Pages xviii, 478 p. :
Other physical details ill. ;
Dimensions 24 cm.
650 #0 - SUBJECT ADDED ENTRY--TOPICAL TERM
Topical Term Health.
700 1# - ADDED ENTRY--PERSONAL NAME
Personal name Powers, Debbie.
700 1# - ADDED ENTRY--PERSONAL NAME
Personal name Burgess, Sharon.
942 ## - ADDED ENTRY ELEMENTS (KOHA)
Koha item type ADB
952 ## - LOCATION AND ITEM INFORMATION (KOHA)
Withdrawn status [LOCAL, KOHA] 0
Holdings
Koha item type Source of acquisition Lost status Permanent Location Current Location Date acquired Full call number
សៀវភៅភាសាអង់គ្លេសA33487 Library Block CLibrary Block C2020-03-06613 WCB 1994 C160 Or.
មជ្ឈមណ្ឌលឯការនៃសាកលវិទ្យាល័យភូមិន្ទកសិកម្មចំការដូង

Powered by Koha